Základy teoretickej informatiky

Salvato in:
Dettagli Bibliografici
Autore principale: Bandurič, Igor, 1980-
Ente Autore: Ekonomická univerzita v Bratislave. Fakulta hospodárskej informatiky
Altri autori: Rakovská, Eva, 1963-, Minárová, Jana, Chudá, Daniela
Natura: Libro
Lingua:slovacco
Pubblicazione: Bratislava Vydavateľstvo EKONÓM 2008
Edizione:2. vyd.
Soggetti:
Tags: Aggiungi Tag
Nessun Tag, puoi essere il primo ad aggiungerne!!

MARC

LEADER 00000nam$a2200000$$$4500
001 0090240
005 20240223112510.1
020 |a 978-80-225-2634-0 
041 0 |a slo 
044 |a SK 
245 1 0 |a Základy teoretickej informatiky  |c Igor Bandurič, Eva Rakovská 
250 |a 2. vyd. 
264 1 |a Bratislava  |b Vydavateľstvo EKONÓM  |c 2008 
300 |a 98 s. 
610 2 0 |a informatika 
610 2 0 |a matematika 
610 2 0 |a počítače 
610 2 0 |a jazyky programovacie 
610 2 0 |a definície 
100 1 |a Bandurič, Igor, 1980- 
700 1 |a Rakovská, Eva, 1963- 
700 1 |a Minárová, Jana 
700 1 |a Chudá, Daniela 
710 2 |a Ekonomická univerzita v Bratislave. Fakulta hospodárskej informatiky